Jackdaws: (Record no. 240)

MARC details
000 -LÍDER
campo de controle de tamanho fixo 01309nam a2200301 4500
001 - NÚMERO DE CONTROLE
campo de controle 240
003 - IDENTIFICADOR DO NÚMERO DE CONTROLE
campo de controle OSt
005 - DATA E HORÁRIO DA ÚLTIMA TRANSAÇÃO
campo de controle 20250528074016.0
008 - CAMPO DE DADOS FIXOS--INFORMAÇÃO GERAL
campo de controle de tamanho fixo 250205b |||||||e |||| 00| 1 eng d
020 ## - ISBN - INTERNATIONAL STANDARD BOOK NUMBER
ISBN - International Standard Book Number 8532514596
040 ## - FONTE DA CATALOGAÇÃO
Idioma da catalogação por
041 ## - CÓDIGO DE IDIOMA
Código do idioma do original e/ou traduções intermediárias do texto eng
Código do idioma do texto/trilha sonora ou título diferente por
082 ## - CDD - CLASSIFICAÇÃO DECIMAL DE DEWEY
Número de Classificação 823
Número do exemplar F667j
100 1# - ENTRADA PRINCIPAL--NOME PESSOAL
Nome pessoal Follett, Ken,
Datas associadas ao nome 1949-
9 (RLIN) 453
240 ## - TÍTULO UNIFORME
Título uniforme Jackdaws
245 ## - TÍTULO
Título Jackdaws:
Restante do título Agentes especiais /
Indicação de responsabilidade, etc. Follett, Ken ; Tradução de Aulyde Soares Rodrigues
260 ## - PUBLICAÇÃO, DISTRIBUIÇÃO, ETC.
Local de publicação, distribuição, etc. Rio de Janeiro
Nome do editor, distribuidor, etc. Rocco
Data da publicação, distribuição, etc. 2002
300 ## - DESCRIÇÃO FÍSICA
Extensão 482 p.
520 ## - NOTA DE RESUMO, ETC.
Resumo, etc. Retornando à Segunda Guerra Mundial, cenário de seus romances mais célebres, Ken Follett compõe neste livro um thriller excitante e cinematográfico. A história de desenvolve em torno de um grupo feminino de agentes britânicos que atendem pelo codinome de Jackdaws, e cuja difícil missão é explodir uma importante central telefônica na França às vésperas do Dia D. Lideradas pela renomada agente secreta Felicity ´Flick´ Clairet, essas mulheres exercerão um papel decisivo na vitória dos aliados.
650 #0 - ASSUNTO--TERMO TÓPICO
Cabeçalho tópico ou nome geográfico Literatura Inglesa
9 (RLIN) 89
650 #0 - ASSUNTO--TERMO TÓPICO
Cabeçalho tópico ou nome geográfico Crime e Investigação
9 (RLIN) 13
650 #0 - ASSUNTO--TERMO TÓPICO
Cabeçalho tópico ou nome geográfico Suspense
9 (RLIN) 10
650 #0 - ASSUNTO--TERMO TÓPICO
Cabeçalho tópico ou nome geográfico Ação
9 (RLIN) 64
655 #0 - TERMO DE ÍNDICE--GÊNERO E FORMA
Gênero/forma/ou termo foco Romance
655 #0 - TERMO DE ÍNDICE--GÊNERO E FORMA
Gênero/forma/ou termo foco Ficção
700 ## - ENTRADA ADICIONADA - NOME PESSOAL
Nome pessoal Aulyde Soares Rodrigues
Função do autor por extenso Tradutor
9 (RLIN) 302
942 ## - ELEMENTOS DE ENTRADA ADICIONADOS (KOHA)
Fonte de classificação ou esquema de arquivamento Classificação decimal de Dewey
Ocultar no OPAC Não
Tipo de material Koha Livros
Holdings
Situação do descarte Situação das perdas Fonte de classificação ou esquema de arquivamento Status danificado Não pode ser emprestado Coleção Biblioteca de origem Biblioteca atual Localização na estante Data de aquisição Fonte de aquisição Total de empréstimos Número de chamada completo Código de barras Data de último acesso Data do preço efetivo Tipo de material Koha
    Classificação decimal de Dewey     Ficção Biblioteca Professor Eduardo Afonso de Castro Biblioteca Professor Eduardo Afonso de Castro Literatura Estrangeira 22.03.2010 doação   823 / F667j 2025-13974 05.02.2025 05.02.2025 Livros

Powered by Koha